| 000 | 01101nam a22003377a 4500 | ||
|---|---|---|---|
| 003 | CHAP | ||
| 005 | 20220329140954.0 | ||
| 008 | 971013s1978 r 00010 d | ||
| 010 | _a60707 | ||
| 011 | _a61679 | ||
| 035 | _a65847 | ||
| 040 | _cCHAP | ||
| 082 |
_a330 _bD68Y 1966 |
||
| 100 | 0 | 0 |
_aBoulding, Kenneth E. _914756 |
| 245 | _aAnálisis económico | ||
| 260 |
_aMadrid : _bAlianza, _c1978. |
||
| 300 |
_a1064 p. _b: ilus. ; gráfs. |
||
| 490 |
_aAlianza universidad textos _v; 7 |
||
| 500 | _aTrad. de la 4 ed. en inglés de 1966 | ||
| 590 |
_aBATCH-UPD _b10 _c20130110 _lUCH01 _h0413 |
||
| 590 |
_aBATCH-UPD _b10 _c20130110 _lUCH01 _h2332 |
||
| 590 |
_aBATCH-UPD _b10 _c20130410 _lUCH01 _h0048 |
||
| 590 |
_aBATCH-UPD _b10 _c20130914 _lUCH01 _h0111 |
||
| 590 |
_aCONVERSION _b10 _c20130109 _lUCH01 _h1333 |
||
| 650 | 1 | 4 |
_aEconomía. _935226 |
| 830 | 0 |
_aAlianza universidad textos _v; 7 _94099 |
|
| 901 | _aBK | ||
| 942 | _cLIBRO | ||
| 949 |
_a330 D68Y 1966 _bBC _cLIBRO _d33724000308037 _eLIBRO _h49984 _i65847 _si |
||
| 949 |
_a330 D68Y 1966 _bBC _cLIBRO _d33724000774279 _eLIBRO _fc.2 _h49985 _i65847 _si |
||
| 999 |
_c60707 _d60707 |
||